Commercial and industrial floorspace and rateable value statistics 2005 (Record no. 105215)
[ view plain ]
| 000 -LEADER | |
|---|---|
| fixed length control field | 01319cam a2200205 4500 |
| 001 - CONTROL NUMBER | |
| control field | ##L132686 |
| 008 - FIXED-LENGTH DATA ELEMENTS--GENERAL INFORMATION | |
| fixed length control field | 060228n2006 000 0 eng u |
| 035 ## - SYSTEM CONTROL NUMBER | |
| System control number | (Sirsi) u132686 |
| 041 0# - LANGUAGE CODE | |
| Language code of text/sound track or separate title | eng |
| 050 04 - LIBRARY OF CONGRESS CALL NUMBER | |
| Classification number | 333.337 $2 18 |
| 110 1# - MAIN ENTRY--CORPORATE NAME | |
| Corporate name or jurisdiction name as entry element | United Kingdom |
| Subordinate unit | Office of the Deputy Prime Minister |
| 245 00 - TITLE STATEMENT | |
| Title | Commercial and industrial floorspace and rateable value statistics 2005 |
| Remainder of title | (2005 revaluation) |
| 260 ## - PUBLICATION, DISTRIBUTION, ETC. | |
| Place of publication, distribution, etc. | London |
| Name of publisher, distributor, etc. | ODPM |
| Date of publication, distribution, etc. | 2006 |
| 520 ## - SUMMARY, ETC. | |
| Summary, etc. | Provides a summary of hereditament, floorspace and rateable value statistics for non-domestic property in England and Wales as at 1 April 2005. A significant change to previous years is the introduction of a new bulk class called other bulk premises. The overall effect of this new bulk class has been to lower the total number of hereditaments and the total floorspace within the four original bulk classes. Rateable values and rateable values per m2 have increased due to an increase in value of the commercial rental market between the Antecedent Valuation Dates for the 2000 and 2005 revaluations. |
| 590 ## - LOCAL NOTE (RLIN) | |
| Local note | IKA280206 |
| 690 ## - LOCAL SUBJECT ADDED ENTRY--TOPICAL TERM (OCLC, RLIN) | |
| Topical term or geographic name as entry element | PROPERTY-COMMERCIAL PROPERTY-COMMERCIAL PROPERTY TAXATION |
| 710 2# - ADDED ENTRY--CORPORATE NAME | |
| Corporate name or jurisdiction name as entry element | Valuation Office Agency |
| 9 (RLIN) | 3141 |
| 856 40 - ELECTRONIC LOCATION AND ACCESS | |
| Uniform Resource Identifier | <a href="https://www.communities.gov.uk/index.asp?id=1163767">https://www.communities.gov.uk/index.asp?id=1163767</a> |
| Public note | View the statistics on the DCLG website... |
| 942 ## - ADDED ENTRY ELEMENTS (KOHA) | |
| Suppress in OPAC | 0 |
| Withdrawn status | Lost status | Source of classification or shelving scheme | Damaged status | Not for loan | Home library | Current library | Shelving location | Date acquired | Total Checkouts | Full call number | Barcode | Date last seen | Copy number | Price effective from | Koha item type |
|---|---|---|---|---|---|---|---|---|---|---|---|---|---|---|---|
| Dewey Decimal Classification | Virtual | Virtual | Online | 28/02/2006 | ONLINE PUBLICATION | 132686-1001 | 06/08/2019 | 1 | 06/08/2019 | Book |